The orange: its biochemistry and physiology

সংরক্ষণ করুন:
গ্রন্থ-পঞ্জীর বিবরন
প্রধান লেখক: Sinclair, Walton B (Author)
বিন্যাস: গ্রন্থ
ভাষা:ইংরেজি
প্রকাশিত: Berkeley University of California, Division of Agricultural Sciences 1961
বিষয়গুলি:
ট্যাগগুলো: ট্যাগ যুক্ত করুন
কোনো ট্যাগ নেই, প্রথমজন হিসাবে ট্যাগ করুন!

MARC

LEADER 00000nam a2200000 a 4500
001 UCV3710
003 CL-VaPUC
008 910704e19610000US |||||||||||||||||eng|d
082 0 4 |a 634.31  |b SIN  |2 21 
100 0 |a Sinclair, Walton B  |e author  |9 298015 
245 1 4 |a The orange: its biochemistry and physiology 
300 |a 475 p 
942 |c BK 
945 |d 19910704 00:00:00 
260 |a Berkeley  |b University of California, Division of Agricultural Sciences  |c 1961 
650 7 |a NARANJAS FISIOLOGIA  |2 CL-VaPUC  |9 259602 
583 |a last modification  |c 19910704 00:00:00  |k Rodrigo Vera 
999 |c 210849  |d 210847 
952 |0 0  |1 0  |4 0  |6 634_310000000000000_SIN_1961  |7 0  |8 A  |9 187780  |a BIBALI  |b BIBALI  |d 2019-11-14  |i 2553104  |o 634.31 SIN 1961  |p 2553104  |r 2025-01-20  |w 2019-11-14  |y BK  |k ALI